[Event "Reykjavik op"]
[Site "Reykjavik"]
[Date "2024.03.18"]
[Round "5"]
[White "Arndt, Uwe"]
[Black "Cramling Bellon, Anna"]
[Result "1/2-1/2"]
[WhiteElo "1951"]
[BlackElo "2115"]
[PlyCount "196"]
[EventDate "2024.03.15"]
[EventType "swiss"]
[EventRounds "9"]
[EventCountry "ISL"]
[SourceTitle "CB13_2024"]
[SourceDate "2024.03.27"]
[SourceVersion "1"]
[SourceVersionDate "2024.03.27"]
[SourceQuality "1"]

1. Nf3 d5 2. g3 c5 3. Bg2 Nc6 4. d4 cxd4 5. Nxd4 e5 6. Nxc6 bxc6 7. c4 e4 8. 0-0 Nf6 9. Bg5 Be7 10. Nc3 Be6 11. Qa4 0-0 12. Rfd1 Qb6 13. cxd5 cxd5 14. Bxf6 Bxf6 15. Nxd5 Bxd5 16. Rxd5 Qxb2 17. Re1 Bc3 18. Rb5 Qd2 19. Rf1 Qxe2 20. Bxe4 Rad8 21. Rd5 Rb8 22. Bd3 Qe6 23. Rd7 a5 24. Bc4 Qf5 25. Bb3 g6 26. Rc7 Bb4 27. Qc6 Rbd8 28. Kg2 Rd6 29. Qc4 h5 30. Qc2 Qf6 31. Qe4 Rd2 32. Rc6 Rd6 33. Rxd6 Qxd6 34. Rd1 Qf6 35. Rd3 Kg7 36. Rf3 Qg5 37. h4 Qe7 38. Qd4+ Kh7 39. Qd5 Kg7 40. Qd4+ Kh7 41. Kh3 Bc5 42. Qc4 Kg7 43. Qc3+ f6 44. Qxa5 Rd8 45. Qc3 Bd4 46. Qc6 Rd6 47. Qc4 Rd8 48. Kg2 Be5 49. a4 Kh6 50. Qe4 Rd4 51. Qe3+ Kg7 52. Bc2 Qc7 53. Qb3 Rc4 54. Bd3 Rc3 55. Qb5 Rc5 56. Qe8 f5 57. Bb5 Rd5 58. Re3 Bf6 59. Qa8 Rd8 60. Qf3 f4 61. Re6 Rd4 62. Rc6 Qd8 63. Rc4 fxg3 64. Rxd4 Qxd4 65. fxg3 Qd2+ 66. Qf2 Qxf2+ 67. Kxf2 Bc3 68. Be8 Kh6 69. Kf3 g5 70. hxg5+ Kxg5 71. Bd7 h4 72. g4 Be1 73. Ke2 Ba5 74. Kf3 Be1 75. Kg2 Ba5 76. Kh3 Be1 77. Bb5 Ba5 78. Be2 Bb4 79. Kg2 Ba5 80. Kf3 Bb4 81. Bf1 Ba5 82. Bh3 Bb4 83. Ke4 Be1 84. Kd3 Kf4 85. Kc4 Bd2 86. Kb5 Kg3 87. a5 Bxa5 88. Kxa5 Kxh3 89. g5 Kh2 90. g6 h3 91. g7 Kh1 92. g8Q h2 93. Qd5+ Kg1 94. Qd4+ Kg2 95. Qg4+ Kh1 96. Qf3+ Kg1 97. Qg3+ Kh1 98. Qxh2+ Kxh2 1/2-1/2

[Event "Biel ATO 55th"]
[Site "Biel"]
[Date "2022.??.??"]
[Round "4"]
[White "Arndt, Uwe"]
[Black "Kalbermatter, Philipp"]
[Result "1-0"]
[WhiteElo "1964"]
[BlackElo "1871"]
[PlyCount "175"]
[EventDate "2022.07.13"]
[EventType "swiss"]
[EventRounds "9"]
[EventCountry "SUI"]
[SourceTitle "EXT 2024"]
[Source "ChessBase"]
[SourceDate "2023.10.10"]
[SourceVersion "1"]
[SourceVersionDate "2023.10.10"]
[SourceQuality "1"]

1. d4 d5 2. c4 Nc6 3. cxd5 Qxd5 4. e3 e5 5. Nc3 Bb4 6. Bd2 Bxc3 7. Bxc3 exd4 8. Ne2 Nge7 9. Nxd4 Nxd4 10. Qxd4 Qxd4 11. Bxd4 0-0 12. Bc5 Re8 13. Bc4 b6 14. Bb5 c6 15. Bxe7 cxb5 16. Bb4 Be6 17. 0-0 Rac8 18. Bc3 Red8 19. a3 f6 20. Rfd1 Bb3 21. Rxd8+ Rxd8 22. Bd4 Rc8 23. h4 Kf7 24. Kh2 g6 25. g4 Rc2 26. Kg3 Rc6 27. Rh1 h5 28. Kf4 hxg4 29. Kxg4 Rc2 30. Kg3 Rc8 31. h5 gxh5 32. Rxh5 Rg8+ 33. Kf4 Bc4 34. e4 Rg7 35. Rf5 Rg6 36. Ke3 Ke7 37. Rf4 Rh6 38. Rg4 Be6 39. Rg7+ Bf7 40. Bc3 Rh3+ 41. Kf4 Rh4+ 42. Ke3 Rh3+ 43. f3 Ke6 44. Rg4 f5 45. exf5+ Kxf5 46. Rf4+ Ke6 47. Rf6+ Ke7 48. Rf5 Rh5 49. Rf4 Be6 50. Bb4+ Kd7 51. Rf8 Rf5 52. Rb8 Bd5 53. f4 Rf6 54. Bc3 Re6+ 55. Kd4 Bc6 56. Rf8 Re8 57. Rf6 Re6 58. Rf5 Re4+ 59. Kd3 Re7 60. Be5 Bd5 61. Kd4 Rf7 62. Rg5 Be6 63. Ke4 Bb3 64. Rg2 Kc6 65. Rd2 Rd7 66. Rh2 Rh7 67. Rf2 a5 68. Kf5 Kd7 69. Rd2+ Ke7 70. Bf6+ Ke8 71. Kg6 Rd7 72. Re2+ Kf8 73. Rh2 Bf7+ 74. Kf5 Rd5+ 75. Be5 Ke7 76. Rh6 b4 77. axb4 Rb5 78. bxa5 bxa5 79. Ra6 Bg8 80. Ra7+ Kf8 81. Kg6 Bd5 82. Kf6 Rb6+ 83. Kf5 Be6+ 84. Ke4 Rb4+ 85. Bd4 Rb5 86. Bc3 Bf5+ 87. Kd4 a4 88. Rxa4 1-0

[Event "Berlin Lichtenrade op 15th"]
[Site "Berlin"]
[Date "2019.10.18"]
[Round "7"]
[White "Katzir, Moshe"]
[Black "Arndt, Uwe"]
[Result "1-0"]
[WhiteElo "2125"]
[BlackElo "1942"]
[PlyCount "51"]
[EventDate "2019.10.12"]
[EventType "swiss"]
[EventRounds "9"]
[EventCountry "GER"]
[SourceTitle "CBM 195 Extra"]
[Source "ChessBase"]
[SourceDate "2020.05.31"]
[SourceVersion "1"]
[SourceVersionDate "2020.05.31"]
[SourceQuality "1"]

1. e4 c6 2. d4 d5 3. Nc3 dxe4 4. Nxe4 Nd7 5. Bd3 Ngf6 6. Ng5 e6 7. Qe2 Bd6 8. N1f3 h6 9. Ne4 Nxe4 10. Qxe4 Nf6 11. Qe2 0-0 12. 0-0 b6 13. Ne5 Bb7 14. Bf4 Rc8 15. Rfd1 Qc7 16. c4 c5 17. dxc5 Qxc5 18. Nd7 Nxd7 19. Bxd6 Qc6 20. f3 Nc5 21. Bxf8 Kxf8 22. Bc2 a5 23. b3 Qc7 24. Rd2 Qf4 25. Re1 e5 26. Qxe5 1-0

[Event "Berlin Lichtenrade op 15th"]
[Site "Berlin"]
[Date "2019.10.16"]
[Round "5"]
[White "Bergmann, Jens"]
[Black "Arndt, Uwe"]
[Result "1/2-1/2"]
[WhiteElo "1856"]
[BlackElo "1942"]
[PlyCount "48"]
[EventDate "2019.10.12"]
[EventType "swiss"]
[EventRounds "9"]
[EventCountry "GER"]
[SourceTitle "CBM 195 Extra"]
[Source "ChessBase"]
[SourceDate "2020.05.31"]
[SourceVersion "1"]
[SourceVersionDate "2020.05.31"]
[SourceQuality "1"]

1. e4 c6 2. d4 d5 3. exd5 cxd5 4. Nf3 Nc6 5. Nc3 Bg4 6. Bb5 Nf6 7. h3 Bxf3 8. Qxf3 e6 9. 0-0 a6 10. Bxc6+ bxc6 11. Be3 Rb8 12. b3 Bd6 13. Bf4 0-0 14. Na4 Ne4 15. Bxd6 Qxd6 16. Qd3 a5 17. f3 Ng3 18. Rfe1 Nf5 19. Nc5 Rfd8 20. Re5 g6 21. Rae1 Qe7 22. c3 Qh4 23. Qd2 h6 24. Qf2 Qxf2+ 1/2-1/2

[Event "Berlin Lichtenrade op 15th"]
[Site "Berlin"]
[Date "2019.10.14"]
[Round "3"]
[White "Hoenecke, Judith"]
[Black "Arndt, Uwe"]
[Result "1/2-1/2"]
[WhiteElo "1939"]
[BlackElo "1942"]
[PlyCount "142"]
[EventDate "2019.10.12"]
[EventType "swiss"]
[EventRounds "9"]
[EventCountry "GER"]
[SourceTitle "CBM 195 Extra"]
[Source "ChessBase"]
[SourceDate "2020.05.31"]
[SourceVersion "1"]
[SourceVersionDate "2020.05.31"]
[SourceQuality "1"]

1. e4 c6 2. d4 d5 3. exd5 cxd5 4. Bd3 Nc6 5. c3 Qc7 6. h3 Nf6 7. Nf3 e6 8. Nbd2 Bd6 9. Qc2 Bd7 10. Nb3 Rb8 11. Qe2 0-0 12. 0-0 h6 13. Be3 a6 14. Nfd2 e5 15. dxe5 Nxe5 16. Nd4 Qc8 17. N2f3 Nc4 18. Bxc4 dxc4 19. Qd2 Ne4 20. Qc1 Kh7 21. Bf4 Qc7 22. Bxd6 Qxd6 23. Qc2 f5 24. Rad1 Qf6 25. Nd2 Nd6 26. N2f3 b5 27. Qd2 Ne4 28. Qf4 Rbe8 29. Nd2 Nc5 30. Qc7 Rc8 31. Qg3 Bc6 32. Nxc6 Rxc6 33. Nf3 f4 34. Qg4 Re6 35. Nd4 Re5 36. Rde1 Rfe8 37. Qd1 Nd3 38. Rxe5 Qxe5 39. b3 Qe4 40. bxc4 Nb2 41. Qc2 Qxc2 42. Nxc2 Nxc4 43. Nb4 Re2 44. Nxa6 Rxa2 45. Nc7 Rb2 46. g3 fxg3 47. fxg3 Nd6 48. Re1 Rc2 49. Rb1 Rxc3 50. Nxb5 Rxg3+ 51. Kh2 Nf5 52. Nd6 Rxh3+ 53. Kxh3 Nxd6 54. Rb6 Nf7 55. Kh4 g6 56. Rb7 Kg7 57. Rb6 Ng5 58. Kg4 Kf7 59. Kf4 Kg7 60. Kg4 Nf7 61. Re6 h5+ 62. Kh4 Kh6 63. Ra6 Ne5 64. Rf6 Ng4 65. Ra6 Ne3 66. Re6 Nf5+ 67. Kh3 Kg5 68. Re4 h4 69. Ra4 Kh5 70. Ra5 Kg5 71. Ra4 Kh5 1/2-1/2

[Event "Berlin-ch QT"]
[Site "Berlin"]
[Date "2019.04.26"]
[Round "7"]
[White "Kretzschmar, Jan"]
[Black "Arndt, Uwe"]
[Result "0-1"]
[WhiteElo "1807"]
[BlackElo "1929"]
[PlyCount "168"]
[EventDate "2019.04.20"]
[EventType "swiss"]
[EventRounds "9"]
[EventCountry "GER"]
[SourceTitle "EXT 2020"]
[Source "ChessBase"]
[SourceDate "2019.10.17"]
[SourceVersion "1"]
[SourceVersionDate "2019.10.17"]
[SourceQuality "1"]

1. d4 Nf6 2. Bf4 e6 3. e3 b6 4. Nd2 Bb7 5. h3 d5 6. Bd3 Nbd7 7. c3 Bd6 8. Qe2 0-0 9. Bg5 e5 10. dxe5 Nxe5 11. Ba6 Bc6 12. Ngf3 h6 13. Bxf6 Qxf6 14. Nd4 Bd7 15. Bb7 c5 16. Bxa8 Rxa8 17. N4f3 Qg6 18. Nxe5 Bxe5 19. Nf3 Bf6 20. Rg1 d4 21. cxd4 cxd4 22. Rd1 Rc8 23. Nxd4 Bxh3 24. g4 h5 25. Qd3 Qxd3 26. Rxd3 Bxg4 27. Kd2 Rc5 28. Rc3 Rd5 29. Rc4 b5 30. Rc6 Bxd4 31. exd4 Rxd4+ 32. Ke3 Ra4 33. Rc5 Rxa2 34. Rxb5 a6 35. Rb6 Be6 36. Rg5 g6 37. f3 Kg7 38. Kf4 Kf6 39. Rc5 a5 40. Rcb5 Ra4+ 41. Kg3 h4+ 42. Kh2 Rf4 43. Rxa5 Rxf3 44. b4 Rf2+ 45. Kg1 Rb2 46. Rc5 g5 47. b5 g4 48. Rb8 g3 49. Rg8 Bh3 50. Rc1 Rxb5 51. Rh8 Rb4 52. Rh5 Kg6 53. Re5 f5 54. Re8 Kg5 55. Rh8 Bg4 56. Rf1 h3 57. Rg8+ Kh4 58. Rh8+ Kg5 59. Rg8+ Kf6 60. Rf8+ Ke5 61. Re8+ Kd4 62. Rd8+ Ke4 63. Re8+ Kd3 64. Rd8+ Kc2 65. Rc8+ Kb2 66. Rfc1 f4 67. R8c2+ Kb3 68. Rc3+ Ka4 69. Ra1+ Kb5 70. Rc2 Bf3 71. Rd2 h2+ 72. Rxh2 gxh2+ 73. Kxh2 Kc5 74. Re1 Kd5 75. Kh3 Be4 76. Kg4 Ke5 77. Kg5 Rb3 78. Kg4 Rg3+ 79. Kh4 Rg8 80. Rf1 f3 81. Kh3 Kf4 82. Kh2 Bd3 83. Rf2 Ke3 84. Ra2 f2 0-1

[Event "Berlin-ch QT"]
[Site "Berlin"]
[Date "2019.04.21"]
[Round "2"]
[White "Arndt, Uwe"]
[Black "Schuran, Sebastian"]
[Result "0-1"]
[WhiteElo "1929"]
[BlackElo "1914"]
[PlyCount "60"]
[EventDate "2019.04.20"]
[EventType "swiss"]
[EventRounds "9"]
[EventCountry "GER"]
[SourceTitle "EXT 2020"]
[Source "ChessBase"]
[SourceDate "2019.10.17"]
[SourceVersion "1"]
[SourceVersionDate "2019.10.17"]
[SourceQuality "1"]

1. d4 c5 2. d5 d6 3. c4 e5 4. e4 Be7 5. Nf3 Bg4 6. Be2 Bxf3 7. Bxf3 Bg5 8. Qa4+ Nd7 9. Bxg5 Qxg5 10. Nc3 Ngf6 11. Nb5 Ke7 12. 0-0 h5 13. Rfe1 Qf4 14. Qb3 a6 15. Nc3 Ng4 16. h3 Qh2+ 17. Kf1 Qf4 18. hxg4 hxg4 19. Bd1 Qd2 20. Ne2 Rh1+ 21. Ng1 Rxg1+ 22. Kxg1 Qxe1+ 23. Kh2 Qxe4 24. Bc2 g3+ 25. Kg1 gxf2+ 26. Kf1 Qh4 27. Rd1 Rh8 28. Rd3 Qf4 29. Rf3 Qd2 30. g3 Qe1+ 0-1

[Event "Berlin Lichtenrade op 13th"]
[Site "Berlin"]
[Date "2017.10.29"]
[Round "2"]
[White "Arndt, Uwe"]
[Black "Schnabel, Ralf"]
[Result "0-1"]
[WhiteElo "1944"]
[BlackElo "2225"]
[PlyCount "54"]
[EventDate "2017.10.28"]
[EventType "swiss"]
[EventRounds "9"]
[EventCountry "GER"]
[SourceTitle "CBM 181 Extra"]
[Source "ChessBase"]
[SourceDate "2017.12.12"]
[SourceVersion "1"]
[SourceVersionDate "2017.12.12"]
[SourceQuality "1"]

1. d4 f5 2. c4 Nf6 3. g3 g6 4. Bg2 Bg7 5. Nf3 0-0 6. 0-0 d6 7. b3 c6 8. Bb2 a5 9. Nc3 Na6 10. Qd2 Qc7 11. d5 Nc5 12. Nd4 Bd7 13. Rad1 Rad8 14. Ba3 Rfe8 15. Rfe1 Rc8 16. Bxc5 dxc5 17. Nc2 e5 18. dxe6 Bxe6 19. e4 Rcd8 20. Qg5 Rxd1 21. Rxd1 Qe5 22. Na4 Nxe4 23. Bxe4 Qxe4 24. Rd8 Rxd8 25. Qxd8+ Bf8 26. Nxc5 Qxc2 27. Nxe6 Qb1+ 0-1

[Event "Helsingor Xtracon op"]
[Site "Helsingor"]
[Date "2017.07.23"]
[Round "3"]
[White "Arndt, Uwe"]
[Black "Skjolingstad, Sverre"]
[Result "1-0"]
[WhiteElo "1948"]
[BlackElo "1644"]
[PlyCount "85"]
[EventDate "2017.07.22"]
[EventType "swiss"]
[EventRounds "10"]
[EventCountry "DEN"]
[SourceTitle "CBM 179 Extra"]
[Source "ChessBase"]
[SourceDate "2017.08.23"]
[SourceVersion "1"]
[SourceVersionDate "2017.08.23"]
[SourceQuality "1"]

1. d4 Nf6 2. c4 c5 3. d5 b5 4. Nd2 bxc4 5. e4 c3 6. bxc3 g6 7. Bb2 Bg7 8. Qc2 0-0 9. h3 d6 10. Bd3 e5 11. Ne2 Nh5 12. 0-0 Bh6 13. Bc1 Nf4 14. Nxf4 Bxf4 15. Nf3 Bxc1 16. Qxc1 f5 17. Ng5 f4 18. Ne6 Bxe6 19. dxe6 d5 20. exd5 Qxd5 21. e7 Re8 22. Qc2 Nc6 23. Be4 Qd6 24. Rfd1 Qf6 25. Qb3+ Kg7 26. Qb7 Rac8 27. Rd8 Nxe7 28. Rxc8 Rxc8 29. Rd1 Kf8 30. Rd7 Re8 31. Qxa7 f3 32. Qxc5 fxg2 33. a4 Qa6 34. Qb5 Qc8 35. c4 Rd8 36. Rxd8+ Qxd8 37. Qxe5 Qe8 38. Qh8+ Ng8 39. Bd5 Qxa4 40. Qxg8+ Ke7 41. Qf7+ Kd6 42. Bxg2 Qa3 43. Qf8+ 1-0

[Event "Helsingor Xtracon op"]
[Site "Helsingor"]
[Date "2016.07.28"]
[Round "7"]
[White "Solberg, Joachim Krokvik"]
[Black "Arndt, Uwe"]
[Result "1-0"]
[WhiteElo "2211"]
[BlackElo "2023"]
[PlyCount "45"]
[EventDate "2016.07.23"]
[EventType "swiss"]
[EventRounds "10"]
[EventCountry "DEN"]
[SourceTitle "CBM 173 Extra"]
[Source "ChessBase"]
[SourceDate "2016.08.29"]
[SourceVersion "1"]
[SourceVersionDate "2016.08.29"]
[SourceQuality "1"]

1. e4 c6 2. d4 d5 3. Nc3 dxe4 4. Nxe4 Bf5 5. Ng3 Bg6 6. h4 h6 7. Nf3 Nd7 8. h5 Bh7 9. Bd3 Bxd3 10. Qxd3 e6 11. Bf4 Qa5+ 12. Bd2 Bb4 13. c3 Be7 14. 0-0 Ngf6 15. Rfe1 0-0 16. Ne5 Rfd8 17. Nxf7 Kxf7 18. Qg6+ Kg8 19. Bxh6 Bf8 20. Bxg7 Bxg7 21. h6 Ne8 22. Rxe6 Ndf6 23. Rxf6 1-0

[Event "Helsingor Xtracon op"]
[Site "Helsingor"]
[Date "2016.07.25"]
[Round "4"]
[White "Arndt, Uwe"]
[Black "Jacobsen, Mikkel Manosri"]
[Result "0-1"]
[WhiteElo "2023"]
[BlackElo "2245"]
[PlyCount "74"]
[EventDate "2016.07.23"]
[EventType "swiss"]
[EventRounds "10"]
[EventCountry "DEN"]
[SourceTitle "CBM 173 Extra"]
[Source "ChessBase"]
[SourceDate "2016.08.29"]
[SourceVersion "1"]
[SourceVersionDate "2016.08.29"]
[SourceQuality "1"]

1. d4 Nf6 2. c4 e6 3. Nc3 Bb4 4. Bd2 b6 5. Nf3 Bb7 6. g3 0-0 7. Bg2 d6 8. 0-0 Nbd7 9. Rc1 Bxc3 10. Bxc3 Ne4 11. Qd3 f5 12. b4 Qe7 13. Bb2 c5 14. dxc5 bxc5 15. a3 a5 16. Rfd1 axb4 17. Nd2 bxa3 18. Bxa3 Ne5 19. Qb3 Bc6 20. Nxe4 fxe4 21. Rd2 Rfb8 22. Qe3 Ra4 23. Rdc2 Ng4 24. Qc3 Qf7 25. f4 Qa7 26. Bb2 Rab4 27. Ra1 Qb7 28. Bc1 Rb3 29. Qe1 e3 30. Bh3 h5 31. Rc3 Qb4 32. Bxg4 hxg4 33. Ra3 Rb1 34. Kf1 Ra8 35. Rxa8+ Bxa8 36. Rxe3 Qb7 37. Qc3 Rxc1+ 0-1

[Event "Helsingor Xtracon op"]
[Site "Helsingor"]
[Date "2016.07.24"]
[Round "2"]
[White "Arndt, Uwe"]
[Black "Percivaldi, Martin"]
[Result "0-1"]
[WhiteElo "2023"]
[BlackElo "2347"]
[PlyCount "74"]
[EventDate "2016.07.23"]
[EventType "swiss"]
[EventRounds "10"]
[EventCountry "DEN"]
[SourceTitle "CBM 173 Extra"]
[Source "ChessBase"]
[SourceDate "2016.08.29"]
[SourceVersion "1"]
[SourceVersionDate "2016.08.29"]
[SourceQuality "1"]

1. d4 Nf6 2. c4 e6 3. Nc3 Bb4 4. Bd2 b6 5. Nf3 Bb7 6. g3 0-0 7. Bg2 d6 8. 0-0 Nbd7 9. Re1 Bxc3 10. Bxc3 Ne4 11. Qd3 f5 12. b4 Qe7 13. Bb2 Rab8 14. Rad1 Ndf6 15. c5 Bd5 16. cxd6 cxd6 17. a4 Rfc8 18. Rc1 Qb7 19. h3 Rxc1 20. Rxc1 Rc8 21. Rc2 Rc7 22. Ne1 Qc8 23. a5 Bc4 24. Qa3 b5 25. Nd3 Nd5 26. g4 g6 27. Rc1 a6 28. Rd1 Bxd3 29. Rxd3 Rc2 30. gxf5 exf5 31. f3 Ng3 32. e4 Rxg2+ 33. Kxg2 Qc2+ 34. Kxg3 f4+ 35. Kh4 Qf2+ 36. Kg5 Qg3+ 37. Kh6 Qh4# 0-1

[Event "Berlin Lichtenrade op 11th"]
[Site "Berlin"]
[Date "2015.10.31"]
[Round "8"]
[White "Arndt, Uwe"]
[Black "Schnabel, Ralf"]
[Result "0-1"]
[WhiteElo "2019"]
[BlackElo "2241"]
[PlyCount "80"]
[EventDate "2015.10.24"]
[EventType "swiss"]
[EventRounds "9"]
[EventCountry "GER"]
[SourceTitle "CBM 169 Extra"]
[Source "ChessBase"]
[SourceDate "2015.12.18"]
[SourceVersion "1"]
[SourceVersionDate "2015.12.18"]
[SourceQuality "1"]

1. d4 f5 2. g3 Nf6 3. Bg2 g6 4. Nh3 Nc6 5. c4 Bg7 6. Nc3 d6 7. Rb1 0-0 8. Nf4 e5 9. dxe5 dxe5 10. Qxd8 Nxd8 11. Nfd5 Rf7 12. Bg5 c6 13. Nxf6+ Bxf6 14. Bxf6 Rxf6 15. b4 Be6 16. c5 e4 17. Kd2 Nf7 18. Rhd1 Rd8+ 19. Ke3 Re8 20. f4 exf3 21. Kxf3 Ne5+ 22. Kf4 Nf7 23. h4 h6 24. e4 fxe4+ 25. Ke3 Bg4 26. Rd4 Bf3 27. Rf1 Rfe6 28. Bh3 Re5 29. Rd7 R8e7 30. Rd4 Kg7 31. Rf2 g5 32. Bc8 h5 33. Rfd2 gxh4 34. gxh4 Nh6 35. Rd7 Ng4+ 36. Kf4 e3 37. Rxe7+ Rxe7 38. Kxf3 Rf7+ 39. Ke2 Rf2+ 40. Kd3 Rxd2+ 0-1

[Event "Berlin-ch QT"]
[Site "Berlin"]
[Date "2015.04.11"]
[Round "9"]
[White "Krefenstein, Sergej"]
[Black "Arndt, Uwe"]
[Result "1-0"]
[WhiteElo "2147"]
[BlackElo "2016"]
[PlyCount "169"]
[EventDate "2015.04.03"]
[EventType "swiss"]
[EventRounds "9"]
[EventCountry "GER"]
[SourceTitle "EXT 2022"]
[Source "ChessBase"]
[SourceDate "2021.10.06"]
[SourceVersion "1"]
[SourceVersionDate "2021.10.06"]
[SourceQuality "1"]

1. e4 c6 2. d4 d5 3. exd5 cxd5 4. Bd3 Nc6 5. c3 Qc7 6. Ne2 Bg4 7. f3 Bd7 8. Bf4 e5 9. Bg3 Bd6 10. Nd2 Nge7 11. Qc2 Rc8 12. dxe5 Nxe5 13. 0-0 b5 14. Nb3 b4 15. Kh1 bxc3 16. bxc3 Nxd3 17. Bxd6 Qxd6 18. Qxd3 0-0 19. Nbd4 Rc4 20. Rfb1 Rfc8 21. Rb7 Ra4 22. Qe3 Re8 23. Qg5 h6 24. Qf4 Qxf4 25. Nxf4 Bc8 26. Rb4 Ra6 27. Kg1 g5 28. Nd3 Nc6 29. Rb3 Nxd4 30. cxd4 Ra4 31. Rb4 Bd7 32. Rxa4 Bxa4 33. Re1 Rxe1+ 34. Nxe1 Bb5 35. Kf2 Bc4 36. a3 f5 37. f4 Kf7 38. Kf3 Ke6 39. g3 g4+ 40. Ke3 Kd6 41. Kd2 Bf1 42. Kc3 a5 43. Kb3 Kc6 44. Nc2 Bd3 45. Ne3 Be4 46. Nd1 Kb6 47. Nc3 Bf3 48. Kb2 Kc6 49. Kb3 Kb6 50. Na4+ Kb5 51. Nc5 a4+ 52. Kc3 Be4 53. Nd7 Ka5 54. Ne5 Kb5 55. Nf7 h5 56. Nd8 Ka5 57. Ne6 Kb5 58. Ng7 Ka5 59. Nxh5 Kb5 60. Nf6 Ka5 61. Nd7 Kb5 62. Ne5 Ka5 63. Kd2 Kb5 64. Ke3 Ka5 65. Kf2 Kb5 66. Kg1 Ka5 67. h4 gxh3 68. Kh2 Bg2 69. g4 fxg4 70. f5 Bf3 71. f6 g3+ 72. Kxg3 Bh5 73. f7 Bxf7 74. Nxf7 Kb5 75. Ne5 Kb6 76. Kxh3 Kc7 77. Kg4 Kd6 78. Kf5 Ke7 79. Nd3 Kd6 80. Nc5 Kc6 81. Ke5 Kb5 82. Kxd5 Ka5 83. Nxa4 Kxa4 84. Kc6 Kxa3 85. d5 1-0